| 000 | 01911nam a2200241zu 4500 | ||
|---|---|---|---|
| 007 | ta | ||
| 008 | 230901s2023 xxk||||| ||||o00| 0 eng d | ||
| 041 | _aeng | ||
| 110 |
_91637 _aDepartment for Education |
||
| 245 |
_aReinforced autoclaved aerated concrete: _bidentification guidance |
||
| 260 |
_bDepartment for Education, _cAugust 2023 |
||
| 520 | _aIdentify reinforced autoclaved aerated concrete (RAAC) in your education setting and inform the Department for Education (DfE) immediately via the DfE Capital Portal. This is non-statutory guidance for responsible bodies of state-funded education estates in England. It can be used by all parties involved in the identification of RAAC in the relevant education estates. RAAC panels may be present in floors, walls and roofs (pitched and flat) of buildings constructed or modified between the 1950s and 1990. The document provides guidance on: the identification of RAAC; the appointment of a building surveyor or structural engineer to confirm if RAAC is present in any of the buildings on your education estate; how to inform DfE, if RAAC is identified or suspected; what happens after DfE has been informed of RAAC on your education estate | ||
| 650 | _aBUILDING DEFECTS | ||
| 650 | _aCONCRETE | ||
| 650 | _aEDUCATION BUILDINGS | ||
| 650 | _aREINFORCED AUTOCLAVED AERATED CONCRETE | ||
| 650 | _aSCHOOLS | ||
| 651 | _aUnited Kingdom | ||
| 690 |
_96223 _aBuilding materials & defects |
||
| 710 |
_91637 _aDepartment for Education |
||
| 856 |
_uhttps://www.gov.uk/government/publications/reinforced-autoclaved-aerated-concrete-estates-guidance _zLatest versions and document history from GOV.UK |
||
| 856 |
_uhttps://assets.publishing.service.gov.uk/government/uploads/system/uploads/attachment_data/file/1182001/GUIDE-DFE-XX-XX-T-X-9002-Reinforced_Autoclaved_Aerated_Concrete_Identification_Guidance-A-C02.pdf _zAugust 2023 guidance |
||
| 999 |
_c121655 _d121655 |
||